| 000 | 00956nam a22003371 4500 | ||
|---|---|---|---|
| 001 | 02068 | ||
| 003 | DO-SdBNP | ||
| 005 | 20180206105926.0 | ||
| 007 | 02068 | ||
| 008 | 900725s1975 sp spa | ||
| 016 | 7 |
_a _z _2BPMSU |
|
| 017 |
_a _b |
||
| 020 | _a8426155189 | ||
| 035 | _a | ||
| 040 |
_aBPMSU _bspa _cBPMSU |
||
| 080 | 0 | _a | |
| 082 |
_a823.8 _bB661A |
||
| 100 | 1 |
_aBlyton, Enid, _d1897-1968. |
|
| 245 | 1 | 4 |
_aUna aventura de los siete secretos / _cEnid Blyton : traducción, F. Ulsamer ; ilustración Burgess Sharrocks _h |
| 250 | _a6ª ed. | ||
| 260 |
_aBarcelona : _bJuventud, _c1975. |
||
| 300 |
_a119 p. : _c21 cm _b |
||
| 490 | 1 |
_a "Siete Secretos" _v2 |
|
| 650 | _2CUENTOS INFANTILES INGLESES | ||
| 700 | 1 | 2 |
_aUlsamer, F. _etr. |
| 700 | 1 | 2 |
_a Sharrocks,Burgess _eil. |
| 830 | 0 |
_p"Siete Secretos" _v2 |
|
| 942 |
_2ddc _cBK |
||
| 945 | _aInventariado, 2018 /LP | ||
| 956 |
_a VMATEO _210 _320160330 _6BPMSU _80069 |
||
| 999 |
_c9438 _d9438 |
||